| 000 | 01274cam a2200313 a 4500 | ||
|---|---|---|---|
| 001 | 1634 | ||
| 005 | 20231211152857.0 | ||
| 020 | _a0140341587 | ||
| 040 |
_aDLC _cDLC _dDLC _dFISKH _beng |
||
| 050 | 0 | 0 |
_aE185.97.F73 _bY3 1989 |
| 082 | 0 | 0 |
_a974.4/00496073024 _aB _a92 _219 |
| 100 | 1 |
_aYates, Elizabeth, _d1905-2001. |
|
| 245 | 1 | 0 |
_aAmos Fortune, free man / _cElizabeth Yates ; illustrated by Nora S. Unwin. |
| 260 |
_aNew York : _bPuffin Books, _c2007 |
||
| 300 |
_a181 pages : _billustrations ; _c20 cm |
||
| 490 | 0 | _aPuffin Newbery library | |
| 500 | _aReprint. Originally published: New York : Dutton, 1950. | ||
| 505 | _aZ | ||
| 520 | _aThe life of the eighteenth-century African prince who, after being captured by slave traders, was brought to Massachusetts where he was a slave until he was able to buy his freedom at the age of sixty. | ||
| 521 |
_a1090
_bLexile |
||
| 521 |
_aZ
_bRaz-Plus |
||
| 650 | 0 |
_aAfrican Americans _zMassachusetts _vBiography _vJuvenile literature. |
|
| 650 | 0 |
_aEnslaved persons _zMassachusetts _vBiography _vJuvenile literature. |
|
| 650 | 1 |
_aAfrican Americans _vBiography. |
|
| 650 | 1 | _aSlaves. | |
| 700 | 1 |
_aUnwin, Nora Spicer _d1907- 1982. _eillustrator |
|
| 906 |
_a7 _bcbc _corignew _d1 _eocip _f19 _gy-gencatlg |
||
| 942 |
_2ddc _cBK _n0 |
||
| 999 |
_c1634 _d1634 |
||